[Event "Preferente Aragonesa Grupo B"]
[Site "Aragon"]
[Date "2017.02.25"]
[Round "5.55"]
[White "Garcia Andres, Daniel"]
[Black "Sanchez Perez, Jose Felix"]
[Result "1-0"]
[WhiteElo "2007"]
[BlackElo "1554"]
[PlyCount "37"]
[EventDate "2017.01.28"]
[WhiteTeam "St. Casablanca D"]
[BlackTeam "Delicias B"]

1. e4 e5 2. Nc3 Nf6 3. f4 exf4 4. Nf3 Qe7 5. Qe2 d6 6. d4 Nc6 7. Bxf4 Bg4 8.
O-O-O O-O-O 9. d5 Bxf3 10. gxf3 Ne5 11. Rd4 Ned7 12. Ra4 Nb6 13. Rxa7 Nfd7 14.
Be3 Kb8 15. Bxb6 cxb6 16. Nb5 Rc8 17. b4 Qe5 18. Qd3 g6 19. Ra8+ 1-0

[Event "Preferente Aragonesa Grupo B"]
[Site "Aragon"]
[Date "2017.02.25"]
[Round "5.56"]
[White "Sanchez Perez, Carlos"]
[Black "Abad Vinas, Jesus Manuel"]
[Result "0-1"]
[WhiteElo "1552"]
[BlackElo "1760"]
[PlyCount "156"]
[EventDate "2017.01.28"]
[WhiteTeam "Delicias B"]
[BlackTeam "St. Casablanca D"]

1. d4 Nf6 2. Nf3 e6 3. Nbd2 d5 4. e3 Bd6 5. c4 c6 6. c5 Bc7 7. b4 Nbd7 8. Bb2
O-O 9. Bd3 Qe7 10. Qc2 h6 11. a4 e5 12. dxe5 Nxe5 13. Nxe5 Bxe5 14. Bxe5 Qxe5
15. O-O Be6 16. Rae1 Rad8 17. f4 Qc7 18. Nf3 Rfe8 19. Nd4 Bc8 20. h3 Ne4 21.
Rf3 Qe7 22. Bxe4 Qxe4 23. Qc3 Qg6 24. Kh2 Re4 25. Rg3 Qf6 26. b5 Rde8 27. Qd2
Bd7 28. Rf3 Qh4 29. Rg1 Qe7 30. bxc6 bxc6 31. Re1 Qxc5 32. Rc1 Qd6 33. Qc3 Qf6
34. Qa3 Rc8 35. Qc5 Qe7 36. Ne2 Qxc5 37. Rxc5 Rxa4 38. Nd4 Ra2 39. Kg3 a5 40.
f5 a4 41. Rf1 Re8 42. Kf3 Ra3 43. Re1 Rd3 44. Nxc6 Bxc6 45. Rxc6 d4 46. Ra6 a3
47. Ra1 Rexe3+ 48. Kf4 Rd2 49. R1xa3 Rf2+ 50. Kg4 Rxg2+ 51. Kf4 Rf2+ 52. Kg4
Re4+ 53. Kg3 Rxf5 54. Ra8+ Kh7 55. Rd8 Re3+ 56. Rxe3 dxe3 57. Re8 Kg6 58. Rxe3
h5 59. h4 Kf6 60. Rb3 g6 61. Rb6+ Ke5 62. Rb5+ Ke4 63. Rb4+ Kd3 64. Rb3+ Kc4
65. Re3 Rf1 66. Re4+ Kd5 67. Ra4 Rg1+ 68. Kh3 f5 69. Ra5+ Kc4 70. Ra4+ Kb3 71.
Rf4 Rg4 72. Rf3+ Kc4 73. Ra3 f4 74. Ra4+ Kb5 75. Re4 Kc5 76. Ra4 f3 77. Ra3 Rf4
78. Kg3 f2 0-1

[Event "Preferente Aragonesa Grupo B"]
[Site "Aragon"]
[Date "2017.02.25"]
[Round "5.57"]
[White "Santos Morales, Julio Cesar"]
[Black "Fernandez Rubio, Rafael"]
[Result "0-1"]
[WhiteElo "1855"]
[BlackElo "2079"]
[PlyCount "46"]
[EventDate "2017.01.28"]
[WhiteTeam "Marcos Frechin B"]
[BlackTeam "Tauste"]

1. d4 d6 2. c4 Nf6 3. Nc3 Nbd7 4. e4 e5 5. Nf3 g6 6. dxe5 dxe5 7. Bg5 Bg7 8.
Nd5 O-O 9. Bd3 h6 10. Nxf6+ Nxf6 11. Be3 b6 12. Qc2 Ng4 13. Bd2 f5 14. h3 Nf6
15. O-O-O fxe4 16. Bxe4 Nxe4 17. Bb4 Nd6 18. Bxd6 cxd6 19. Qxg6 Rf6 20. Qe4 Bf5
21. Qd5+ Kh8 22. Nxe5 Rc8 23. Rhe1 Qc7 0-1

[Event "Preferente Aragonesa Grupo B"]
[Site "Aragon"]
[Date "2017.02.25"]
[Round "5.58"]
[White "Sancho Casale, Jesus"]
[Black "Moya Gimeno, Raul"]
[Result "1-0"]
[WhiteElo "1981"]
[BlackElo "1799"]
[PlyCount "89"]
[EventDate "2017.01.28"]
[WhiteTeam "Tauste"]
[BlackTeam "Marcos Frechin B"]

1. Nf3 d5 2. c4 c6 3. g3 Nf6 4. b3 Bf5 5. Bg2 e6 6. O-O Bc5 7. Bb2 Nbd7 8. d3
Qb6 9. Nc3 Ng4 10. d4 Be7 11. c5 Qc7 12. Re1 Ngf6 13. b4 Ne4 14. a4 h5 15. Nd2
Nxc3 16. Bxc3 h4 17. e4 Bg6 18. exd5 cxd5 19. Qe2 hxg3 20. hxg3 Nf6 21. Qb5+
Qd7 22. Nf3 Ne4 23. Qxd7+ Kxd7 24. Ne5+ Kc7 25. Nxg6 Nxc3 26. Nxe7 Rae8 27. f3
Rxe7 28. Re3 Nxa4 29. Rxa4 a6 30. f4 Kc6 31. Ra1 g6 32. Rb1 f5 33. b5+ axb5 34.
Reb3 Ra8 35. Rxb5 Ra6 36. Bf1 Ra7 37. Kf2 Re8 38. Rb6+ Kc7 39. Re1 Ra2+ 40. Re2
Rxe2+ 41. Bxe2 Re7 42. Ke3 Kc8 43. Bb5 Kc7 44. Kd3 Kc8 45. c6 1-0

[Event "Preferente Aragonesa Grupo B"]
[Site "Aragon"]
[Date "2017.02.25"]
[Round "5.59"]
[White "Obon Zuniga, Francisco"]
[Black "Vera Jimenez, Andres"]
[Result "0-1"]
[WhiteElo "1782"]
[BlackElo "1947"]
[PlyCount "88"]
[EventDate "2017.01.28"]
[WhiteTeam "Marcos Frechin B"]
[BlackTeam "Tauste"]

1. d4 Nf6 2. c4 g6 3. Nc3 d5 4. cxd5 Nxd5 5. e4 Nxc3 6. bxc3 Bg7 7. Bc4 O-O 8.
Ne2 c5 9. Be3 Nc6 10. Qd2 cxd4 11. cxd4 Qa5 12. Rd1 Qxd2+ 13. Rxd2 Na5 14. Bd3
Bd7 15. O-O Rfc8 16. Rdd1 Nc4 17. Bxc4 Rxc4 18. Rc1 Rac8 19. Rxc4 Rxc4 20. Rc1
Rxc1+ 21. Nxc1 Bb5 22. f3 Kf8 23. Kf2 Ke8 24. Ne2 Kd7 25. Nc3 Bc4 26. a3 e6 27.
e5 Bf8 28. Ne4 Bxa3 29. Nf6+ Kd8 30. Nxh7 Be7 31. Ng5 Bxg5 32. Bxg5+ Kd7 33. g4
a5 34. h4 b5 35. h5 gxh5 36. gxh5 Bd3 37. Ke3 Bf5 38. Kd2 Kc6 39. Be7 Kd5 40.
Bc5 Kc4 41. Bb6 a4 42. h6 a3 43. Ba5 b4 44. Kc1 Kb3 0-1

[Event "Preferente Aragonesa Grupo B"]
[Site "Aragon"]
[Date "2017.02.25"]
[Round "5.60"]
[White "Muro Turon, Raul"]
[Black "Farinas Argudo, Adrian"]
[Result "0-1"]
[WhiteElo "1935"]
[BlackElo "1735"]
[PlyCount "77"]
[EventDate "2017.01.28"]
[WhiteTeam "Tauste"]
[BlackTeam "Marcos Frechin B"]

1. e4 e5 2. Nf3 Nc6 3. d4 exd4 4. Bc4 Bb4+ 5. c3 dxc3 6. bxc3 Ba5 7. Qb3 Qe7 8.
O-O d6 9. e5 dxe5 10. Ba3 Qf6 11. Nbd2 Nge7 12. Ne4 Qf4 13. Bxe7 Nxe7 14. Nfg5
O-O 15. g3 Qf5 16. f4 Bb6+ 17. Kg2 Qg6 18. Rae1 h6 19. Nxf7 Rxf7 20. fxe5 Nf5
21. Bxf7+ Qxf7 22. Qxf7+ Kxf7 23. g4 g6 24. Ng3 Ba5 25. Re3 Be6 26. gxf5 gxf5
27. Nxf5 Bxa2 28. Nxh6+ Ke7 29. Nf5+ Ke6 30. Nd4+ Ke7 31. Rg3 Rh8 32. Rg7+ Ke8
33. Nb5 Bc4 34. Rb1 Kd8 35. Nd4 Bxc3 36. Rd1 Kc8 37. Kg3 Rd8 38. Rg4 c5 39. Nf5
0-1

[Event "Preferente Aragonesa Grupo B"]
[Site "Aragon"]
[Date "2017.02.25"]
[Round "5.61"]
[White "Lopez Caudevilla, David"]
[Black "Sacristan Latorre, Alberto"]
[Result "0-1"]
[WhiteElo "2073"]
[BlackElo "2075"]
[PlyCount "48"]
[EventDate "2017.01.28"]
[WhiteTeam "Actur Rey Fernando"]
[BlackTeam "Palacio de Pioneros B"]

1. Nf3 c5 2. g3 g6 3. Bg2 Bg7 4. O-O Nc6 5. d3 Nf6 6. e4 O-O 7. Re1 d6 8. Nbd2
Rb8 9. c3 b5 10. d4 b4 11. e5 dxe5 12. dxe5 Ng4 13. cxb4 Rxb4 14. a3 Rb8 15.
Qa4 Ngxe5 16. Nxe5 Nxe5 17. Qxa7 Bg4 18. h3 Nd3 19. Rxe7 Nxc1 20. Ne4 Qd1+ 21.
Kh2 Bxb2 22. Rb1 Be6 23. Qxc5 Bd4 24. Rxc1 Bxc5 0-1

[Event "Preferente Aragonesa Grupo B"]
[Site "Aragon"]
[Date "2017.02.25"]
[Round "5.62"]
[White "Colom Sienes, Eduardo"]
[Black "Aviol Perez, Jose Mariano"]
[Result "1-0"]
[WhiteElo "2061"]
[BlackElo "1842"]
[PlyCount "63"]
[EventDate "2017.01.28"]
[WhiteTeam "Palacio de Pioneros B"]
[BlackTeam "Actur Rey Fernando"]

1. e4 d6 2. d4 Nf6 3. Nc3 g6 4. f4 Bg7 5. Nf3 O-O 6. e5 Nfd7 7. Bc4 Nb6 8. Bb3
Nc6 9. a4 Na5 10. Ba2 dxe5 11. fxe5 c5 12. dxc5 Nbc4 13. Qxd8 Rxd8 14. O-O Nxe5
15. Nxe5 Bxe5 16. Bxf7+ Kg7 17. Bg5 Bd4+ 18. Kh1 Bf5 19. Ba2 Nc6 20. Rae1 Rd7
21. Nb5 Bxb2 22. g4 Bxg4 23. Rf7+ Kh8 24. c3 Rad8 25. Rfxe7 Bf3+ 26. Kg1 Bd5
27. Bf6+ Kg8 28. Rxd7 Rxd7 29. Bxd5+ Rxd5 30. Nd6 h5 31. Re8+ Kh7 32. Rh8# 1-0

[Event "Preferente Aragonesa Grupo B"]
[Site "Aragon"]
[Date "2017.02.25"]
[Round "5.63"]
[White "Leon Dionis, Mateo"]
[Black "Zambrana Petisme, Ramiro"]
[Result "0-1"]
[WhiteElo "1770"]
[BlackElo "2042"]
[PlyCount "46"]
[EventDate "2017.01.28"]
[WhiteTeam "Actur Rey Fernando"]
[BlackTeam "Palacio de Pioneros B"]

1. d4 Nf6 2. Nf3 g6 3. c4 Bg7 4. Nc3 d6 5. e4 O-O 6. Be2 e5 7. d5 Na6 8. O-O
Nc5 9. Qc2 a5 10. Be3 Nfd7 11. Ne1 f5 12. f4 exf4 13. Bxf4 fxe4 14. Rb1 Ne5 15.
Be3 Rxf1+ 16. Bxf1 Ned3 17. Nxd3 exd3 18. Qd2 Qh4 19. Bxc5 dxc5 20. Bxd3 Bd4+
21. Kh1 Be5 22. h3 Bxh3 23. gxh3 Qxh3+ 0-1

[Event "Preferente Aragonesa Grupo B"]
[Site "Aragon"]
[Date "2017.02.25"]
[Round "5.64"]
[White "Sacristan Latorre, Carlos"]
[Black "Arbiol Val, Sergio"]
[Result "0-1"]
[WhiteElo "1618"]
[BlackElo "1653"]
[PlyCount "118"]
[EventDate "2017.01.28"]
[WhiteTeam "Palacio de Pioneros B"]
[BlackTeam "Actur Rey Fernando"]

1. b3 e5 2. Bb2 Nc6 3. e3 d6 4. Bb5 Nf6 5. c4 Be7 6. d4 exd4 7. exd4 O-O 8. Ne2
Bf5 9. O-O Nb4 10. Na3 c6 11. Ba4 a6 12. Bc3 a5 13. Qd2 Ne4 14. Qf4 Bg6 15.
Rfd1 Re8 16. Be1 Bg5 17. Qf3 Re6 18. Ng3 Qe7 19. d5 cxd5 20. cxd5 Nxd5 21. Rxd5
Nxg3 22. hxg3 Rxe1+ 23. Rxe1 Qxe1+ 24. Kh2 Be4 25. Rd1 Bxf3 26. Rxe1 Bc6 27.
Nb5 Rd8 28. f4 Bf6 29. g4 h6 30. Rd1 d5 31. Kg3 d4 32. Kf2 Be4 33. Na3 Bc6 34.
Bb5 Bxb5 35. Nxb5 Be7 36. Ke2 Bc5 37. Kd3 Kf8 38. Kc4 Bb6 39. Nxd4 Rc8+ 40. Kb5
Bc7 41. Rc1 b6 42. Ka6 Ke8 43. Kb7 Kd7 44. Nb5 Rb8+ 45. Ka7 Bxf4 46. Rc4 Be5
47. Re4 Re8 48. Kb7 Re7 49. Nd4 Kd6+ 50. Kxb6 Kd5 51. Nc6 Bc7+ 52. Kb7 Rxe4 53.
Kxc7 a4 54. b4 Rc4 55. b5 Kc5 56. b6 Kb5 57. b7 Rxc6+ 58. Kd7 Rb6 59. Kc7 a3
0-1

[Event "Preferente Aragonesa Grupo B"]
[Site "Aragon"]
[Date "2017.02.25"]
[Round "5.65"]
[White "Carruez Berges, Santiago"]
[Black "Ainsa Claver, Ignacio"]
[Result "1-0"]
[WhiteElo "2030"]
[BlackElo "1956"]
[PlyCount "109"]
[EventDate "2017.01.28"]
[WhiteTeam "Agrupacion B"]
[BlackTeam "Sabiñanigo"]

1. e4 e6 2. d4 d5 3. Nc3 Nf6 4. e5 Nfd7 5. f4 c5 6. Nf3 Nc6 7. Be3 a6 8. Qd2 b5
9. g3 b4 10. Ne2 c4 11. Bh3 Nb6 12. O-O Be7 13. c3 Bd7 14. f5 exf5 15. Ne1 g6
16. Bh6 Rg8 17. Be3 Be6 18. Kh1 Qd7 19. Nf3 O-O-O 20. Bg5 Rde8 21. Bg2 a5 22.
cxb4 Bxb4 23. Nc3 Na7 24. Qc2 Kb8 25. a3 Be7 26. b4 a4 27. b5 Kc7 28. Rfb1 Ra8
29. Nxa4 Nac8 30. Nc5 Qd8 31. Na6+ Kb7 32. Qd2 Bxg5 33. Nxg5 Na4 34. Nxh7 Ncb6
35. Nf6 Rh8 36. Nc5+ Kc7 37. Rb4 Qf8 38. Nxa4 Nxa4 39. Bxd5 c3 40. Qc2 Bxd5+
41. Nxd5+ Kb8 42. Rxa4 Rxa4 43. Qxa4 Rxh2+ 44. Kxh2 Qh6+ 45. Kg2 Qd2+ 46. Kf3
g5 47. Ne3 g4+ 48. Kf4 Qf2+ 49. Kg5 Qxe3+ 50. Kf6 Qh6+ 51. Kxf7 Qh7+ 52. Kf6 f4
53. b6 Qh6+ 54. Kf5 Qxb6 55. Qb4 1-0

[Event "Preferente Aragonesa Grupo B"]
[Site "Aragon"]
[Date "2017.02.25"]
[Round "5.66"]
[White "Martinez Carnicer, Eduardo"]
[Black "Mimbela Lopez, Luis"]
[Result "0-1"]
[WhiteElo "1822"]
[BlackElo "2023"]
[PlyCount "92"]
[EventDate "2017.01.28"]
[WhiteTeam "Sabiñanigo"]
[BlackTeam "Agrupacion B"]

1. e4 c5 2. c3 Nf6 3. e5 Nd5 4. d4 cxd4 5. Nf3 e6 6. cxd4 d6 7. Bc4 Nb6 8. Bb5+
Bd7 9. Nc3 a6 10. Bd3 Bc6 11. O-O Be7 12. Ne4 Bxe4 13. Bxe4 d5 14. Bc2 Nc6 15.
a3 Rc8 16. g3 Qc7 17. Bd3 Nd7 18. Be3 Qb6 19. b4 Qc7 20. Rc1 b5 21. Bg5 Nb6 22.
Bxe7 Qxe7 23. Bb1 Nc4 24. Qd3 g6 25. h4 h5 26. Ng5 O-O 27. Nh3 Qa7 28. Nf4 Qxd4
29. Qe2 Qxe5 30. Qd3 Qg7 31. Qe2 Nd4 32. Qd3 Nf5 33. Qe2 Ne5 34. Bxf5 Rxc1 35.
Rxc1 gxf5 36. Nxh5 Qh6 37. Rc7 Nc4 38. Nf4 Rd8 39. h5 e5 40. Nd3 e4 41. Nf4 d4
42. Rc5 d3 43. Qd1 d2 44. Nd5 Nb2 45. Ne7+ Kh8 46. Nxf5 Qf6 0-1

[Event "Preferente Aragonesa Grupo B"]
[Site "Aragon"]
[Date "2017.02.25"]
[Round "5.67"]
[White "Garcia Morales, Roberto"]
[Black "Garcia Estruch, Jorge"]
[Result "1-0"]
[WhiteElo "2005"]
[BlackElo "1819"]
[PlyCount "93"]
[EventDate "2017.01.28"]
[WhiteTeam "Agrupacion B"]
[BlackTeam "Sabiñanigo"]

1. e4 e5 2. Nf3 Nc6 3. Bb5 a6 4. Ba4 Nf6 5. O-O b5 6. Bb3 Be7 7. d3 O-O 8. c3
d6 9. Re1 Na5 10. Bc2 c5 11. Nbd2 Nc6 12. Nf1 Qc7 13. Bg5 h6 14. Bh4 Nh7 15.
Ne3 Qd8 16. Bg3 Be6 17. d4 cxd4 18. cxd4 exd4 19. Nd5 Bg4 20. Rc1 Bg5 21. Qd3
Bxc1 22. Rxc1 Ne5 23. Nxe5 dxe5 24. Bxe5 Rc8 25. Bxd4 f5 26. f3 fxe4 27. Qxe4
Bf5 28. Ne7+ Kh8 29. Qe5 Nf6 30. Nxf5 Re8 31. Qg3 Qd7 32. Qf4 Qe6 33. Be4 Nh5
34. Qd2 Nf6 35. Re1 Rc7 36. Bc3 Rd7 37. Qf4 b4 38. Bd2 Red8 39. Be3 Nd5 40.
Bxd5 Rxd5 41. g4 Rd1 42. Rxd1 Rxd1+ 43. Kf2 Qxa2 44. Qxb4 Rd8 45. Bxh6 Qb1 46.
Qc3 Rg8 47. Bxg7+ 1-0

[Event "Preferente Aragonesa Grupo B"]
[Site "Aragon"]
[Date "2017.02.25"]
[Round "5.68"]
[White "Garcia Estruch, Mauricio"]
[Black "Chamarro Catarecha, Miguel Ang"]
[Result "0-1"]
[WhiteElo "1337"]
[BlackElo "1858"]
[PlyCount "68"]
[EventDate "2017.01.28"]
[WhiteTeam "Sabiñanigo"]
[BlackTeam "Agrupacion B"]

1. Nf3 Nf6 2. c4 c6 3. d4 d5 4. Nc3 e6 5. cxd5 exd5 6. e3 Bd6 7. Bd3 Bg4 8. h3
Bh5 9. O-O O-O 10. e4 dxe4 11. Nxe4 Nxe4 12. Bxe4 Re8 13. Qd3 Bg6 14. Bxg6 hxg6
15. Qb3 Qc7 16. Be3 Nd7 17. Rac1 Nb6 18. a3 Nd5 19. Rfe1 Rad8 20. Rc2 Re7 21.
Rce2 Rde8 22. Qc2 Qd7 23. Kf1 Bf4 24. Bxf4 Rxe2 25. Rxe2 Rxe2 26. Qxe2 Nxf4 27.
Qe4 Ne6 28. b4 a6 29. Qd3 Qd5 30. g3 Kf8 31. h4 Ke7 32. Qe2 Qf5 33. Kg2 Qg4 34.
Qd3 Nf4+ 0-1

[Event "Preferente Aragonesa Grupo B"]
[Site "Aragon"]
[Date "2017.02.25"]
[Round "5.69"]
[White "Valles Mata, David"]
[Black "Gil Capape, Marco Antonio"]
[Result "1-0"]
[WhiteElo "2221"]
[BlackElo "2110"]
[PlyCount "113"]
[EventDate "2017.01.28"]
[WhiteTeam "Dr. Azua"]
[BlackTeam "Caissa-Hnos Cortes"]

1. e4 g6 2. d4 Bg7 3. c4 c5 4. Nf3 cxd4 5. Nxd4 Nc6 6. Be3 Nf6 7. Nc3 O-O 8.
Be2 d6 9. O-O Bd7 10. Rc1 Nxd4 11. Bxd4 Bc6 12. f3 Bh6 13. Rc2 Nh5 14. g3 Ng7
15. f4 Ne6 16. Bf2 b6 17. Nd5 Nc5 18. Bf3 Ba4 19. b3 Nxb3 20. axb3 Bxb3 21. Qb1
Bxc2 22. Qxc2 Bg7 23. Qa4 e6 24. Nb4 a5 25. Nc2 Rb8 26. Rb1 Qc7 27. Qb5 Rfc8
28. Na3 Bc3 29. Be2 Bb4 30. Nc2 Bc5 31. Nd4 Ra8 32. Qa4 e5 33. Nb5 Bxf2+ 34.
Kxf2 Qc5+ 35. Kf3 f5 36. Qd1 fxe4+ 37. Kxe4 exf4 38. Qd5+ Kg7 39. Qxc5 Rxc5 40.
Nxd6 fxg3 41. hxg3 a4 42. Rxb6 a3 43. Rb1 a2 44. Ra1 Ra3 45. Kd4 Rca5 46. Bd3
Kf6 47. Ne4+ Ke7 48. Nc3 Rb3 49. Rxa2 Rg5 50. Ra7+ Kd8 51. Ne4 Rh5 52. c5 Rh1
53. c6 Rb4+ 54. Kd5 Rb2 55. c7+ Kd7 56. Nf6+ Ke7 57. c8=Q+ 1-0

[Event "Preferente Aragonesa Grupo B"]
[Site "Aragon"]
[Date "2017.02.25"]
[Round "5.70"]
[White "Vera Aranjuelo, Jesus Maria"]
[Black "Cajo Esteban, Ruben"]
[Result "1/2-1/2"]
[WhiteElo "2029"]
[BlackElo "1867"]
[PlyCount "58"]
[EventDate "2017.01.28"]
[WhiteTeam "Caissa-Hnos Cortes"]
[BlackTeam "Dr. Azua"]

1. d4 d5 2. Nf3 Nf6 3. Bf4 e6 4. e3 Bd6 5. Bg5 Be7 6. Bd3 Nbd7 7. O-O c5 8. c4
b6 9. Nc3 Bb7 10. Rc1 cxd4 11. Nxd4 Nc5 12. Be2 dxc4 13. Bxc4 O-O 14. b4 Nce4
15. Nxe4 Nxe4 16. Bxe7 Qxe7 17. a3 Rfd8 18. Qg4 Nd2 19. Rfe1 Nxc4 20. Rxc4 Qd7
21. Rec1 Rac8 22. h3 Rxc4 23. Rxc4 Rc8 24. Rxc8+ Qxc8 25. Qf4 f6 26. Qd6 e5 27.
Ne6 Kf7 28. Nd8+ Ke8 29. Ne6 Kf7 1/2-1/2

[Event "Preferente Aragonesa Grupo B"]
[Site "Aragon"]
[Date "2017.02.25"]
[Round "5.71"]
[White "Solera Sanchez, Roberto"]
[Black "Alonso Fdez-Revuelta, Rodrigo"]
[Result "1/2-1/2"]
[WhiteElo "1822"]
[BlackElo "1983"]
[PlyCount "50"]
[EventDate "2017.01.28"]
[WhiteTeam "Dr. Azua"]
[BlackTeam "Caissa-Hnos Cortes"]

1. c4 c5 2. Nf3 Nc6 3. Nc3 g6 4. g3 Bg7 5. Bg2 e6 6. e3 Nge7 7. O-O O-O 8. d4
d6 9. a3 Qb6 10. Na4 Qc7 11. dxc5 dxc5 12. Rb1 Na5 13. Qc2 Bd7 14. Bd2 b6 15.
b4 Bxa4 16. Qxa4 Nxc4 17. bxc5 Nxd2 18. Nxd2 Nd5 19. cxb6 axb6 20. Qb3 Qc5 21.
Rfc1 Rxa3 22. Rxc5 Rxb3 23. Nxb3 bxc5 24. Bxd5 exd5 25. Nxc5 d4 1/2-1/2

[Event "Preferente Aragonesa Grupo B"]
[Site "Aragon"]
[Date "2017.02.25"]
[Round "5.72"]
[White "Carraminana Lopez, Luis Antoni"]
[Black "Lebron Duran, Jose Maria"]
[Result "0-1"]
[WhiteElo "1935"]
[BlackElo "1813"]
[PlyCount "70"]
[EventDate "2017.01.28"]
[WhiteTeam "Caissa-Hnos Cortes"]
[BlackTeam "Dr. Azua"]

1. e4 e5 2. Nf3 Nc6 3. Bc4 Be7 4. d3 Nf6 5. O-O O-O 6. Re1 d6 7. a4 Bg4 8. c3
Qd7 9. h3 Bh5 10. a5 a6 11. Nbd2 Ne8 12. Nxe5 Nxe5 13. Qxh5 Nxc4 14. Nxc4 Nf6
15. Qf3 Qb5 16. e5 Ne8 17. b4 d5 18. Ne3 Rd8 19. Nf5 Qd7 20. Qg4 g6 21. Nxe7+
Qxe7 22. Bh6 Ng7 23. Bg5 Qe8 24. Bxd8 Qxd8 25. d4 h5 26. Qe2 Ne6 27. b5 Qg5 28.
bxa6 bxa6 29. Qe3 Qf5 30. Rab1 Nf4 31. Rb7 c6 32. h4 Qg4 33. g3 Ne6 34. Kg2 g5
35. Qf3 Nf4+ 0-1

[Event "Division Honor Aragonesa Grupo A "]
[Site "Aragon"]
[Date "2017.03.04"]
[Round "6.1"]
[White "Llanes Luno, Ricardo"]
[Black "Baron Rodriguez, Jesus"]
[Result "1/2-1/2"]
[WhiteElo "2156"]
[BlackElo "2430"]
[PlyCount "36"]
[EventDate "2017.01.28"]
[WhiteTeam "Delicias"]
[BlackTeam "IberCaja"]

1. e4 e5 2. Nf3 Nc6 3. Bb5 a6 4. Ba4 Nf6 5. O-O Be7 6. Bxc6 dxc6 7. Qe1 O-O 8.
Nxe5 Re8 9. d3 c5 10. Nc3 Bd6 11. Nc4 Bf8 12. Bg5 h6 13. Bh4 b5 14. Ne3 g5 15.
Bg3 Nh5 16. Qd1 Nxg3 17. hxg3 Bg7 18. Rb1 Be6 1/2-1/2

[Event "Division Honor Aragonesa Grupo A "]
[Site "Aragon"]
[Date "2017.03.04"]
[Round "6.2"]
[White "Hefty, Jorge W"]
[Black "Roche Simon, Manuel Angel"]
[Result "1-0"]
[WhiteElo "2369"]
[BlackElo "2170"]
[PlyCount "58"]
[EventDate "2017.01.28"]
[WhiteTeam "IberCaja"]
[BlackTeam "Delicias"]

1. d4 d5 2. c4 e6 3. Nc3 Nf6 4. Bg5 Be7 5. cxd5 exd5 6. e3 O-O 7. Bd3 h6 8. Bh4
Re8 9. Nf3 c5 10. dxc5 Nc6 11. O-O Be6 12. Rc1 Rc8 13. Na4 Nd7 14. Bg3 Nb4 15.
Bb1 Nxc5 16. Nd4 Nxa4 17. Qxa4 Qd7 18. Qxa7 Nc6 19. Qa4 Nxd4 20. Qxd4 Rxc1 21.
Rxc1 Rc8 22. Rd1 Bf6 23. Be5 Bxe5 24. Qxe5 Qb5 25. h3 Qe2 26. Rf1 Qd2 27. Kh2
Kf8 28. f4 Bd7 29. f5 f6 1-0

[Event "Division Honor Aragonesa Grupo A "]
[Site "Aragon"]
[Date "2017.03.04"]
[Round "6.3"]
[White "Lamas Mercadal, Manuel"]
[Black "Torcal Miguel, Oscar"]
[Result "1-0"]
[WhiteElo "2108"]
[BlackElo "1980"]
[PlyCount "157"]
[EventDate "2017.01.28"]
[WhiteTeam "Delicias"]
[BlackTeam "IberCaja"]

1. e4 c5 2. Nc3 d6 3. f4 g6 4. Nf3 Bg7 5. Bb5+ Bd7 6. Bc4 Nc6 7. O-O Nf6 8. e5
Nh5 9. Bxf7+ Kxf7 10. e6+ Kg8 11. exd7 Qxd7 12. d3 Rf8 13. Ne2 h6 14. c3 Kh7
15. d4 cxd4 16. Nfxd4 Nxd4 17. Nxd4 Nxf4 18. Rxf4 Rxf4 19. Bxf4 e5 20. Be3 exd4
21. Bxd4 Rd8 22. Qd3 Qf5 23. Qxf5 Bxd4+ 24. Qf2 Bxf2+ 25. Kxf2 Kg7 26. Ke3 Re8+
27. Kd3 Re5 28. Rf1 b6 29. Rf2 g5 30. Kc4 Rc5+ 31. Kd4 Re5 32. b4 a6 33. a4 h5
34. Kc4 g4 35. Kd4 Rg5 36. Ke4 Re5+ 37. Kd4 Rg5 38. g3 Re5 39. Kd3 Rd5+ 40. Kc2
Re5 41. Kb3 b5 42. Rd2 d5 43. axb5 axb5 44. Kc2 Kf6 45. Kd3 Ke6 46. Ra2 Rf5 47.
Kd4 Rf3 48. Ra6+ Kf5 49. Rd6 Rf2 50. Rxd5+ Kg6 51. Rxb5 Rxh2 52. Re5 Rd2+ 53.
Kc4 Rf2 54. b5 Rb2 55. Kc5 Rb3 56. Kd4 Kh6 57. Kc4 Rb2 58. Re3 Kg5 59. Re5+ Kh6
60. Rd5 Kg6 61. Kc5 Rb3 62. Rd3 Kf5 63. b6 Ke4 64. Rd4+ Kf3 65. Rb4 Rxc3+ 66.
Kd6 Rd3+ 67. Ke7 Rc3 68. b7 Rc7+ 69. Kf6 Rxb7 70. Rxb7 Kxg3 71. Kg5 Kh2 72.
Kxh5 g3 73. Kg4 g2 74. Rh7+ Kg1 75. Kg3 Kf1 76. Rf7+ Kg1 77. Rf8 Kh1 78. Rh8+
Kg1 79. Rh2 1-0

[Event "Division Honor Aragonesa Grupo A "]
[Site "Aragon"]
[Date "2017.03.04"]
[Round "6.4"]
[White "Garcia Monterde, Francisco Jos"]
[Black "Llanes Luno, Pedro Alfredo"]
[Result "1/2-1/2"]
[WhiteElo "1912"]
[BlackElo "2059"]
[PlyCount "118"]
[EventDate "2017.01.28"]
[WhiteTeam "IberCaja"]
[BlackTeam "Delicias"]

1. c4 g6 2. Nc3 Bg7 3. g3 e5 4. Bg2 Ne7 5. e3 c5 6. Nge2 Nbc6 7. O-O O-O 8. d3
Rb8 9. a3 a6 10. Rb1 b5 11. b4 bxc4 12. bxc5 Rxb1 13. Nxb1 d5 14. cxd6 Qxd6 15.
dxc4 Qc5 16. Qa4 Bf5 17. Nd2 Na5 18. Nc3 Rc8 19. Nce4 Qc7 20. c5 Bd7 21. Qc2
Be6 22. Bb2 Bd5 23. Rc1 Rb8 24. Ba1 Qc6 25. Bf1 f5 26. Nd6 h5 27. e4 Be6 28.
Qc3 Qc7 29. f4 Nec6 30. N2c4 exf4 31. Qxg7+ Qxg7 32. Bxg7 Kxg7 33. Nxa5 Nxa5
34. exf5 gxf5 35. c6 fxg3 36. hxg3 Rb3 37. Kf2 Rxa3 38. Bxa6 Nb3 39. Re1 Rxa6
40. Rxe6 Nd4 41. c7 Nxe6 42. c8=Q Rxd6 43. Qe8 Kf6 44. Qxh5 Rd4 45. Qh6+ Ke5
46. Qe3+ Kf6 47. Qh6+ Ke5 48. Qh8+ Ke4 49. Qf6 Rd2+ 50. Ke1 Rd6 51. Qe7 Ke5 52.
Qe8 Rd4 53. Ke2 Re4+ 54. Kf2 Rd4 55. Qb8+ Kf6 56. Qh8+ Kg6 57. Qe8+ Kf6 58.
Qh8+ Kg6 59. Qg8+ Kf6 1/2-1/2

[Event "Division Honor Aragonesa Grupo A "]
[Site "Aragon"]
[Date "2017.03.04"]
[Round "6.5"]
[White "Forcen Esteban, Daniel"]
[Black "Lana Rodriguez, David"]
[Result "1-0"]
[WhiteElo "2541"]
[BlackElo "2263"]
[PlyCount "209"]
[EventDate "2017.01.28"]
[WhiteTeam "Jaime Casas"]
[BlackTeam "Agrupacion"]

1. e4 d5 2. exd5 Qxd5 3. Nc3 Qa5 4. Bc4 Nf6 5. Qe2 Nc6 6. Nf3 Bg4 7. Bb5 e6 8.
h3 Bxf3 9. Qxf3 Qb6 10. O-O Bb4 11. a3 Bxc3 12. Bxc6+ Qxc6 13. Qxc6+ bxc6 14.
bxc3 Rb8 15. d3 Kd7 16. c4 Rb7 17. f4 c5 18. Bd2 Rb2 19. Rfc1 Ne8 20. Bc3 Rb6
21. a4 f6 22. a5 Rb8 23. a6 Nd6 24. g4 h6 25. Kg2 Rb6 26. Be1 Rhb8 27. Bf2 Rc6
28. Ra5 Rbb6 29. Rca1 Rb2 30. Bxc5 Rxc2+ 31. Kf3 Nc8 32. Bf8 g6 33. R1a3 Rb6
34. Ra2 Rxa2 35. Rxa2 Ne7 36. Bxh6 Ke8 37. f5 g5 38. h4 exf5 39. hxg5 fxg4+ 40.
Kxg4 fxg5 41. Bxg5 Nc6 42. Kf5 Nb4 43. Re2+ Kd7 44. Re7+ Kc6 45. d4 Rxa6 46.
Bf4 Ra5+ 47. d5+ Nxd5 48. cxd5+ Rxd5+ 49. Ke6 Rd1 50. Rxc7+ Kb6 51. Rc8 a5 52.
Bd6 a4 53. Ra8 Kc6 54. Rc8+ Kb6 55. Kd7 Kb5 56. Rb8+ Kc4 57. Rb4+ Kd5 58. Rxa4
Rh1 59. Ra5+ Ke4 60. Kc6 Rc1+ 61. Bc5 Ke5 62. Ra8 Rd1 63. Re8+ Kf5 64. Be3 Rd3
65. Kc5 Rd7 66. Bd4 Kf4 67. Kc4 Kf5 68. Re5+ Kf4 69. Kd3 Rh7 70. Re8 Rh3+ 71.
Be3+ Kf5 72. Kd4 Rh7 73. Rf8+ Ke6 74. Ke4 Rh4+ 75. Bf4 Rh1 76. Ra8 Re1+ 77. Be3
Kd6 78. Ra6+ Kc7 79. Rh6 Kb7 80. Kd4 Kc7 81. Bf4+ Kd7 82. Be5 Ra1 83. Ke4 Rd1
84. Bd4 Ke7 85. Kd5 Kf7 86. Rf6+ Ke7 87. Rg6 Kf8 88. Rg2 Rd3 89. Ke4 Rd1 90.
Be5 Kf7 91. Kf5 Rf1+ 92. Bf4 Rd1 93. Rh2 Rg1 94. Rh6 Rg2 95. Rh1 Kg7 96. Be5+
Kg8 97. Rh8+ Kf7 98. Rh7+ Kg8 99. Ra7 Rg1 100. Ke6 Rb1 101. Rg7+ Kf8 102. Rg3
Re1 103. Rg2 Re4 104. Rf2+ Kg8 105. Rh2 1-0